=LDR 00000nam 2200000 4500 =001 INLIS000000000000999 =005 20130612085420 =008 ***********************************Ind** =035 ##$$0010-061300000000999 =041 ##$$a Ind =082 ##$$a F.Rom.K =090 ##$$a F.Rom.k, Had b =100 ##$$a Hadipranjoto, Charis =245 ##$$a Batu menangis, Charis Hadipranjoto =260 ##$$a 1997 $b Jakarta =300 ##$$a 9 hlm, Ilus, 20 cm =650 ##$$a Fiksi Kanak-kanak =850 ##$$a NBPNMAT